02964nam a22002777a 450000500170000000700150001700800410003202000220007303500100009504000090010509000150011410000290012924501090015825600240026726000450029130000280033650017680036450602700213265000290240270000270243174000380245885600670249694200080256395200960257199900190266720240305165509.0cr||||   |||| 180515s2018    mx |||||s|||| 00||0 spa d  a978-607-629-169-6  a21704  avLex  c7968d79681 aPérez Chávez, José10aGuía práctica de IVA 2018h[Recurso electrónico] /cJosé Pérez Chávez, Raymundo Fol Olguín  aServicio en línea  aCiudad de México:bTax Editores,c2018  a1 recurso electrónico  aUno	 de	 los	 tributos	 que	 más	 repercusiones	 tiene	 en	 las	 finanzas	 públicas	 del	 país	 es	 el	 impuesto	al	valor	agregado	(IVA).	No	obstante,	desde	nuestro	punto	de	vista,	el	material	 bibliográfico	enfocado	al	estudio	de	este	impuesto	es	escaso	en	comparación	con	el	análisis	 de	 otras	 contribuciones	 como	 el	 ISR,	 lo	 cual	 se	 debe	 a	 las	 características	 del	 IVA.	 Sin	 embargo,	en	el	cálculo	de	los	pagos	definitivos	del	IVA	intervienen	diversos	elementos,	tales	 como	el	IVA	trasladado,	el	IVA	retenido,	el	IVA	acreditable	y	los	saldos	a	favor	del	IVA	de	 periodos	anteriores. Conscientes	de	esto,	Tax	Editores	presenta	la	Guía	práctica	de	IVA	en	la que,	a	través	de	 ejemplos	prácticos,	se	lleva	a	cabo	un	análisis	de	las	disposiciones	contenidas	en	la	Ley	del	 Impuesto	al	Valor	Agregado,	partiendo	desde	los	supuestos	que	deben	ser	considerados	 para	 saber	 si	 una	 actividad	 está	 sujeta	 al	 impuesto	 y	 hasta el	 momento	 en	 el	 que	 los	 contribuyentes	determinen	el	monto	del	IVA	que	deban	enterar	en	sus	pagos	mensuales	 definitivos. La	obra	incluye	un	glosario	cuya	 finalidad	es	que	el	lector	cuente	con	un	material	que	le	 permita	conocer	los	conceptos	utilizados	en	este	libro,	así	como	un	apéndice	de	los	criterios	 normativos	del	SAT	vigentes,	mismos	que	 se	 relacionan	con	el	IVA.	De	este	modo,	en	el	 presente	apéndice	se	puede	consultar	el	texto	íntegro	de	los	referidos	criterios. La	obra	está	dirigida,	principalmente,	a	los	estudiantes	de	la	materia	fiscal,	a	los	profesores	 de	impuestos	federales,	a	los	despachos	de	contadores	públicos	y,	en	general,	a	las	personas	 que	estén	interesadas	en	conocer	más	sobre	este	tributo	fiscal	tan	importante	para	nuestro	 país.1 aDisponible solo en los productos indicadosdvLex GlobaldvLex Global (Academic Edition, excluding Law Schools)dvLex Global (U.S. Academic Edition, Law Schools)dvLex Global (U.S. Academic Edition, excluding Law Schools)dvLex Global (Academic Edition, Law Schools)04aDerecho FiscalzMéxico1 aFol Olguín, Raymundo0 avLex Libros (Servicio en línea)40uhttps://app.vlex.com/#/sources/guia-practica-de-iva-2018-21704  cRAA  001040708VLEX9324181aBD-UINbBD-UINd2024-03-05l0p21704r2024-03-05w2024-03-05yRAA  c166205d166205